Guess who said what PJO quote - Statistics

General Stats
  • This quiz has been taken 191 times
  • The average score is 10 of 15
Answer Stats
Hint Answer % Correct
"Look I didn't want to be a half-blood" Percy
87%
"With great power... comes great need to take a nap. Wake me up later" Nico
82%
"You hit the Lord of the Titans in the eye with a blue plastic hairbrush" Percy
79%
"Apollo is hot" Thalia
77%
"I am nice! I simply ooze with niceness, Perry Johansson. Haven't you noticed? Dionysus
76%
"I try not to think. It interferes with being nuts" Leo
70%
"If Annabeth's mother was Athena, the goddess of wisdom, then why didn't Annabeth know better than to fall off of a cliff?" Nico
69%
"We're staying together, you're not getting away from me. Never again" Percy
69%
"Oh, no, I am turning into a crazy dolphin" Frank
66%
"Boys, I'm sure you both would've been wonderful at killing each other. But right now, you need rest." Annabeth
64%
"I declare that this is stupid" Percy
62%
"You dropped this" Percy
60%
"I'm incognito. Call me Fred" Apollo
43%
"They asked me a lot of questions about you. I played dumb." Rachel
38%
"Two hundred Romans, and no one's got a pen? Never mind!" Mars/Ares
34%
No matching quizzes found
Score Distribution
Percent of People with Each Score
Percentile by Number Answered
Your Score History
You have not taken this quiz